000
00350pam a2200157a 44500
008
230515b1967 xxu||||| |||| 00| 0 eng d
020
_a
NULL
041
_a
ENGL
082
_a
330 KRU
100
_a
"KRUR, D. B."
245
_a
ARTHSHATRI VICHAR
250
_a
1
260
_a
JAIPUR
_b
ABD PUBLISHER JAIPUR
_c
1967
300
_a
430
650
_a
N.D.
999
_c
539985
_d
539985